000 00867nam a22002897a 4500
001 4557
003 FISKH
005 20240916151232.0
008 240916b cb ||||| |||| 00| 0 eng d
020 _a9780440404194
040 _aFISKH
_beng
_cFISKH
_dFISKH
050 _aPZ7.B6265
082 _2813.54
100 _aBlume, Judy
_d1938-
245 _aAre you there god? it's me, margaret. /
_cJudy Blume
250 _a1986
260 _aNew York :
_bA Yearling,
_c1986
300 _a149 pages :
_c20cm
505 _aN
520 _aFaced with the difficulties of growing up and choosing a religion, a twelve-year-old girl talks over her problems with her own private God.
521 8 _a570L
_bLexile
521 8 _aN
_bRaz-Plus
650 _2Young Adult
_aClassics
650 _2Coming Of Age
_aContemporary
942 _2ddc
_cBK
_n0
999 _c4557
_d4557